000
00333 a2200109 4500
001
ART_17853
005
20260410161701.0
008
260409a
245
1
0
_a
El comportamiento del consumo agregado en la Argentina
100
1
_a
Leone, Alfredo Mario
773
0
_t
Ensayos Económicos
_g
- Nº 14 (jun. 1980)
_w
REV620
999
_c
15154
_d
15154